banner koha

Demanda de pós-graduados em ciências agrarias / (Registro n. 15219)

MARC details
000 -LÍDER
Campo de controle fixo 00725nam a22002537a 4500
001 - NÚMERO DE CONTROLE
Número de controle BR7200433
003 - CÓDIGO MARC DA AGÊNCIA CATALOGADORA
Campo de controle BR-BrBNA
005 - DATA E HORA DA ÚLTIMA ATUALIZAÇÃO
Campo de controle 20240815103053.0
008 - CAMPO DE TAMANHO FIXO
Campo fixo de controle 230509b bl.||||| |||| 00| 0 por d
040 ## - FONTE DA CATALOGAÇÃO
Agência catalogadora BR-BrBNA
Idioma da catalogação por
041 ## - CÓDIGO DO IDIOMA
Código do Idioma (Por)
072 ## - CATEGORIA AGRIS
Código da categoria de assunto/objeto <a href="C00; A50">C00; A50</a>
Código do objeto /G514
090 ## - NÚMERO DE CHAMADA
Localização na estante C00
Código BR BR7200433
110 1# - ENTRADA PRINCIPAL - ENTIDADE
Nome da entidade ou lugar Associação Brasileira de Educação Agrícola Superior, Rio de Janeiro
9 (RLIN) 278
245 1# - TÍTULO PRINCIPAL
Título principal Demanda de pós-graduados em ciências agrarias /
260 3# - IMPRENTA (PUBLICAÇÃO, DISTRIBUIÇÃO, ETC.)
Lugar de publicação, distribuição, etc. Rio de Janeiro, GB (Brasil):
Data de publicação, distribuição, etc 1972.
300 ## - DESCRIÇÃO FÍSICA
Extensão 10 p.
650 ## - ASSUNTO - THESAGRO
Cabeçalho tópico ou nome geográfico Educacao agricola
650 ## - ASSUNTO - THESAGRO
Cabeçalho tópico ou nome geográfico Pesquisa
650 ## - ASSUNTO - THESAGRO
Cabeçalho tópico ou nome geográfico Ensino superior
909 ## - IDENTIFICAÇÃO DO CATALOGADOR
Ano e mês da catalogação (aaaamm) 08/2024
Identificação do catalogador SARAH
942 ## - TIPO ESPECÍFICO
Tipo de material Livros
952 ## - LOCATION AND ITEM INFORMATION (KOHA)
-- 2023-09-25
-- 2023-09-25
-- Portaria Interministerial nº 164/94
Exemplares
Status de empréstimo Fonte de classificação Status de danificação Não pode ser emprestado Localização permanente Localização atual Total Checkouts Número de chamada Código de barras Número de exemplar Tipo de material Perdido
  Classificação AGRIS     Biblioteca Nacional de Agricultura - Binagri Biblioteca Nacional de Agricultura - Binagri   C00 BR7200433 2024-3899 01 Livros  

BINAGRI

Telefone: (61)3218-2567/2388/3357/2097 - binagri@agro.gov.br

Ministério da Agricultura e Pecuária , Esplanada dos Ministérios, Bloco D, Anexo B, Brasília/DF, CEP: 70.043-900